The application of matrix theory to electrical engineering / (Record no. 181292)

000 -LEADER
fixed length control field 00862 a2200169 4500
003 - CONTROL NUMBER IDENTIFIER
control field Nust
005 - DATE AND TIME OF LATEST TRANSACTION
control field 20221125113443.0
040 ## - CATALOGING SOURCE
Transcribing agency Nust
082 ## - DEWEY DECIMAL CLASSIFICATION NUMBER
Classification number 519.9434,LEW
100 ## - MAIN ENTRY--PERSONAL NAME
Personal name Lewis, William Edwin
9 (RLIN) 103589
245 ## - TITLE STATEMENT
Title The application of matrix theory to electrical engineering /
Statement of responsibility, etc. Lewis, William Edwin, 1923- [from old catalog]
260 ## - PUBLICATION, DISTRIBUTION, ETC.
Place of publication, distribution, etc. London,
Name of publisher, distributor, etc. Science paperbacks
Date of publication, distribution, etc. 1965 [i. e. 1966]
300 ## - PHYSICAL DESCRIPTION
Extent 195:p
505 ## - FORMATTED CONTENTS NOTE
Formatted contents note The Elementary Properties of Matrices (Page-1), Elementary Applications (Page-46), Further Properties Matrices (Page-66), Transformations (Page-95), Nodal Voltage Equations (Page-113), Symmetrical Components (Page-120), Four Terminal Networks (Page-141), Four Terminal Network Theory and Applications (Page-166), Introductions to Rotating Machines (Page-185).
650 ## - SUBJECT ADDED ENTRY--TOPICAL TERM
Topical term or geographic name entry element electrical engineering
942 ## - ADDED ENTRY ELEMENTS (KOHA)
Source of classification or shelving scheme
Koha item type Book
Call number prefix 519.9434,LEW
Holdings
Withdrawn status Lost status Source of classification or shelving scheme Damaged status Not for loan Permanent Location Current Location Shelving location Date acquired Full call number Barcode Date last seen Price effective from Koha item type Public note
          Military College of Signals (MCS) Military College of Signals (MCS) General Stacks 12/12/2016 519.9434,LEW MCS6218 12/08/2016 12/12/2016 Book Almirah No.15, Shelf No.1
© 2023 Central Library, National University of Sciences and Technology. All Rights Reserved.